| 000 | 00652nam a2200229Ia 4500 | ||
|---|---|---|---|
| 008 | 220216s9999 xx 000 0 und d | ||
| 100 | _aSchneider G J | ||
| 245 | 0 | _aSurface and bulk structure of carbon black studied by scanning tunneling microscopy and wide angle scattering | |
| 260 |
_bKautschuk Gummi Kunststoffe _c2005 |
||
| 300 | _a570-574 | ||
| 650 | _aCarbon black | ||
| 650 | _aScanning tunneling microscopy | ||
| 650 | _aSTM | ||
| 650 | _aSurface structure | ||
| 650 | _aWAXS | ||
| 650 | _aWide sngle X-ray scattering | ||
| 700 | _aBergmann A | ||
| 700 | _aGoritz D | ||
| 700 | _aRaab H | ||
| 700 | _aWeigert A | ||
| 942 | _cJS | ||
| 999 |
_c69981 _d69981 |
||